Membres de la Passione dans Jojo's Bizarre Adventure: Golden Wind - Statistiques

Statistiques générales
  • Ce quiz a été pris 43 fois
  • Le résultat moyen est 16 sur 27
Statistiques - réponses
Membres connus de Passione % Correct
Giorno Giovanna
93%
Narancia Ghirga
93%
Bruno Bucciarati
90%
Diavolo
90%
Pannacotta Fugo
87%
Guido Mista
83%
Leone Abbacchio
80%
Polpo
80%
Risotto Nero
80%
Vinegar Doppio
70%
Pesci
67%
Melone
57%
Tiziano
53%
Cioccolata
50%
Formaggio
50%
Prosciutto
50%
Secco
50%
Squalo
50%
Sorbet
43%
Carne
40%
Mario Zucchero
40%
Gelato
37%
Sale
37%
Ghiaccio
33%
Illuso
33%
Luca
30%
Pericolo
23%
Aucun quiz correspondant
Distribution des résultats
% des personnes avec chaque résultat
Percentile par nombre de réponses
Votre historique - résultats
Vous n’avez pas pris ce quiz